Vplyv inflácie na vybrané produkty životného poistenia bakalárska práca

Salvato in:
Dettagli Bibliografici
Autore principale: Grančajová, Viktória
Ente Autore: Fakulta hospodárskej informatiky EU. Katedra matematiky a aktuárstva
Altri autori: Krčová, Ingrid, 1969-
Natura: Libro
Lingua:slovacco
Pubblicazione: Bratislava 2025
Tags: Aggiungi Tag
Nessun Tag, puoi essere il primo ad aggiungerne!!

MARC

LEADER 00000nbm a2200000 4500
001 0310542
005 20260318085306.4
041 0 |a slo 
044 |a SK 
245 1 0 |a Vplyv inflácie na vybrané produkty životného poistenia  |b bakalárska práca  |c Viktória Grančajová ; školiteľ: Ingrid Krčová 
264 1 |a Bratislava  |c 2025 
300 |a 48 s. 
100 1 |a Grančajová, Viktória 
700 1 |a Krčová, Ingrid, 1969- 
710 2 |a Fakulta hospodárskej informatiky EU. Katedra matematiky a aktuárstva